00537nam a2200157Ia 4500008004100000082001300041100001600054245003300070260002700103300000800130630003300138730003300171942000900204999001900213952014700232100122s9999 xx 000 0 und d b44670a1 aCHAUHAN R J aLIMCA BOOK OF RECORDS : 1991 bBISLERI BEVERGESc1991 a237 aLIMCA BOOK OF RECORDS : 1991 aLIMCA BOOK OF RECORDS : 1991 cBOOK c373501d373498 00104070aSVPPARLEbSVPPARLEd1991-02-20g150.00l0o44670pSVPPARLE-44670r2010-01-25 00:00:00v150.00w2010-01-25yBOOKz", , General, NA"